| 000 | 02977nam a22003137i 4500 | ||
|---|---|---|---|
| 001 | TCPA 78 | ||
| 003 | gtcocun | ||
| 005 | 20250820224439.0 | ||
| 006 | a||||gr|||| 00| 0 | ||
| 008 | 250820b2019 gt ||||| m||| 00| 0 eng d | ||
| 040 |
_agtcocun _bSPA _cgtcocun _eRDA |
||
| 041 | _aSPA | ||
| 084 | _0TCPA 78 | ||
| 100 |
_aTeni Yoj, Marco Tulio _eAutor |
||
| 245 |
_aInforme final del Ejercicio Profesional Supervisado, realizado en la Empresa Maya Mix, Cobán, Alta Verapaz/ _cMarco Tulio Teni Yoj _hImpreso |
||
| 264 |
_aCobán, Alta Verapaz: _bUniversidad de San Carlos de Guatemala, Centro Universitario del Norte, Licenciatura en Contaduría Pública y Auditoría. _c2019 |
||
| 300 |
_a55 p.: _bIlustraciones, gráficas. _c28 cm; PDF |
||
| 336 |
_2rdacontenido _aTexto _btxt |
||
| 337 |
_2rdamedio _aComputadora _bn |
||
| 338 |
_2rdasoporte _aCódigo en línea _bcr |
||
| 502 | _e. | ||
| 502 |
_aTesis de grado _bLicenciatura en Contaduría Pública y Auditoría. _cUniversidad de San Carlos de Guatemala, Centro Universitario del Norte, Licenciatura en Contaduría Pública y Auditoría. _d2019 _oTCPA 78 |
||
| 520 | 1 | 4 | _aEl presente informe detalla actividades que forman parte del ejercicio profesional supervisado, de la carrera de contaduría pública y auditoría, para el cierre de pénsum en la carrera en mención se exige al alumno del Centro Universitario del Norte de la Universidad de San Carlos de Guatemala, aplicar los conocimientos adquiridos mediante los cursos impartidos por los docentes de la casa de estudios. El Ejercicio Profesional Supervisado fue realizado en la empresa denominada Maya Mix ubicada en la 11 Avenida 0-03, Zona 06 de la ciudad de Cobán, departamento de Alta Verapaz, se desarrolló a través de las distintas etapas que lo conforman, inicialmente se elaboró un diagnóstico para identificar las debilidades existentes en los procesos de la entidad, seguidamente se planificó la intervención de cuatro actividades con el objeto de solucionar las deficiencias encontradas. El trabajo consistió en determinar de la base imponible del Impuesto Sobre la Renta e Impuesto al Valor Agregado del año 2012 al 2015, se realizó Auditoría de Cuentas por Pagar del año 2012 al 2015 y la elaboración de un Manual de Procedimientos y Políticas Contables. En cada actividad se analizaron aspectos importantes para la solución de los errores y simplificación de los procesos de los registros contables, para lo cual se requirieron papeles de trabajo tales como, facturas de compras y ventas, formularios de declaraciones con sus respectivos recibos de pago, libros contables, etc. |
| 650 | 1 | 4 |
_2LEMB _aCobán, Alta Verapaz _xbase imponible _ximpuestos _xauditoría _xpoliticas |
| 700 |
_aLic. Carlos Guerrero Bailón _eAsesor |
||
| 856 |
_uhttps://drive.google.com/file/d/1DpT6Clqk_YBaIyRdUZfrBQ7Ue3WZ3xqb/view?usp=sharing _yPDF _zUn ejemplar en línea. |
||
| 942 |
_2ddc _cTES _iTCPA_78 _kClasificación _n0 _6TCPA__78 |
||
| 999 |
_c1261 _d1261 |
||